الحكم الشرعي للبيع بالتقسيط مع الزيادة في ثمن السلعة بسبب الأجل " فقة مقارن " (Record no. 10975)
[ view plain ]
| 000 -LEADER | |
|---|---|
| fixed length control field | 00964nam a2200229Ii 4500 |
| 003 - CONTROL NUMBER IDENTIFIER | |
| control field | JO-AjNU |
| 008 - FIXED-LENGTH DATA ELEMENTS--GENERAL INFORMATION | |
| fixed length control field | 230605s9999||||xx |||||||||||||| ||und|| |
| 017 ## - COPYRIGHT OR LEGAL DEPOSIT NUMBER | |
| Copyright or legal deposit number | 2004/8/1873 |
| 040 ## - CATALOGING SOURCE | |
| Original cataloging agency | JO-AjNU |
| Language of cataloging | ara |
| Description conventions | rda |
| Transcribing agency | JO-AjNU |
| 041 ## - LANGUAGE CODE | |
| Language code of text/sound track or separate title | ara |
| 050 14 - LIBRARY OF CONGRESS CALL NUMBER | |
| Classification number | KBP878.R47.U926.2004 |
| 100 3# - MAIN ENTRY--PERSONAL NAME | |
| Personal name | العزيزي ، محمد رامز عبد الفتاح , |
| Relator term | author |
| 9 (RLIN) | 21362 |
| 245 00 - TITLE STATEMENT | |
| Title | الحكم الشرعي للبيع بالتقسيط مع الزيادة في ثمن السلعة بسبب الأجل " فقة مقارن " |
| 250 ## - EDITION STATEMENT | |
| Edition statement | ط1 |
| 264 31 - PRODUCTION, PUBLICATION, DISTRIBUTION, MANUFACTURE, AND COPYRIGHT NOTICE | |
| Place of production, publication, distribution, manufacture | عمان : محمد رامز عبد الفتاح العزيزي ، 2004 |
| 300 ## - PHYSICAL DESCRIPTION | |
| Extent | 96ص |
| 336 ## - CONTENT TYPE | |
| Content type term | text |
| Content type code | txt |
| Source | rdacontent |
| 337 ## - MEDIA TYPE | |
| Media type term | unmediated |
| Media type code | n |
| Source | rdamedia |
| 338 ## - CARRIER TYPE | |
| Carrier type term | volume |
| Carrier type code | nc |
| Source | rdacarrier |
| 490 0# - SERIES STATEMENT | |
| Series statement | سلسلة الإقتصاد الإسلامي (6) |
| 650 #4 - SUBJECT ADDED ENTRY--TOPICAL TERM | |
| Topical term or geographic name entry element | الاحكام الشرعية -- اصول الفقة -- البنوك الاسلامية -- الفقة الاسلامي |
| 9 (RLIN) | 21363 |
| Withdrawn status | Lost status | Source of classification or shelving scheme | Damaged status | Not for loan | Home library | Current library | Shelving location | Date acquired | Total Checkouts | Full call number | Barcode | Date last seen | Price effective from | Koha item type |
|---|---|---|---|---|---|---|---|---|---|---|---|---|---|---|
| Library of Congress Classification | مكتبة جامعة عجلون الوطنية | مكتبة جامعة عجلون الوطنية | المجموعات العامة | 06/06/2023 | KBP878.R47.U926.2004 | A7407 | 06/06/2023 | 06/06/2023 | Books |